Statistics for HR Leaders at every first name

Click here to take the quiz!

General Stats

  • This quiz has been taken 2 times
  • The average score is 15 of 26

Answer Stats

HintAnswer% Correct
I(311) Ivan Rodriguez
100%
V(449) Vladimir Guerrero
100%
C(473) Carlos Delgado
100%
T(521) Ted Williams
100%
D(541) David Ortiz
100%
M(583) Mark McGwire
100%
S(609) Sammy Sosa
100%
K(630) Ken Griffey Jr.
100%
H(755) Hank Aaron
100%
B(762) Barry Bonds
100%
Y(358) Yogi Berra
50%
P(439) Paul Konerko
50%
N(464)* Nelson Cruz
50%
G(509) Gary Sheffield
50%
E(512) Ernie Banks, Eddie Mathews
50%
R(569) Rafael Palmeiro
50%
F(586) Frank Robinson
50%
J(612) Jim Thome
50%
W(660) Willie Mays
50%
A(703) Albert Pujols
50%
X(167)* Xander Bogearts
0%
Q(21) Quinton McCracken
0%
U(27) U.L. Washington
0%
O(379) Orlando Cepeda
0%
L(493) Lou Gehirg
0%
Z(87) Zack Cozart
0%

Score Distribution

Percentile by Number Answered

Percent of People with Each Score

Your Score History

You have not taken this quiz